1648 1584 1758 1135 1149 1390 1673 1697 1758 1777 1890 1033 1269 1578 1711 1197 1067 1017 1397 1375 1727 1930 1180 1390 1088 1782 1196 1055 1496 1446 1778 1565 1424 1671 1735 1368 1812 1862 1925 1930 1419 1991 1526 1081 1680 1228 1170 1302 1376 1416 1019 1572 1082 1823 1685 1019 1464 1719 1055 1012 1327 1192 1035 1091 1468 1522 1292 1318 1528 1381 1894 1317 1410 1349 1836 1201 1603 1660 1889 1049 1260 1844 1666 1927 1304 1406 1709 1556 1759 1585 1267 1758 1181 1509 1169 1427 1130 1982 1433 BCNSPRNW ULIB Ver.6.0+V

เปลี่ยนเป็นภาษาไทย

Change to English
 แสดงรายละเอียดบรรณานุกรม
  กลับหน้าหลัก

Brief Record : Get Marc (ISO 2709) : E-mail record : QR code < ปิดหน้าต่าง
LEADER : 00000nam 2200000uu 4500
001    13399128634
003     ULIB
008    230925s2565||||th 000 0 tha d
020    ^a9786165903769
050  0 ^aLB1060^bม161ก
100    ^aมนสิช สิทธิสมบูรณ์
245    ^aกลยุทธ์การจัดการเรียนรู้เชิงรุก
250    ^aพิมพ์ครั้งที่ 1
260    ^aพระนครศรีอยุธยา :^bโรงพิมพ์จุฬาลงกรณ์มหาวิทยาลัย,^c2565
300    ^a170 หน้า;^c26 ซม.
650    ^aการจัดการเรียนรู้เชิงรุก
650    ^aการเรียนรู้ทางวิชาชีพ
999    ^aกัณชพร จุลอักษร
รายการนี้ยังไม่มีแท็ก
คุณยังไม่ได้ล็อกอิน คุณสามารถมีกิจกรรมร่วมกับเว็บไซต์ได้ แต่ต้องล็อกอินก่อน ::
  ล็อกอิน

รายการสื่อสารสนเทศ

ลำดับที่ ประเภท เลขเรียก/บาร์โค้ด สถานที่ สถานะ
- ไม่พบข้อมูล -

รายการใกล้เคียง
    ชื่อเรื่อง [กลยุทธ์การจัดการเรียนรู้เชิงรุก]

    ผู้แต่ง [มนสิช สิทธิสมบูรณ์]

    หัวเรื่อง [การจัดการเรียนรู้เชิงรุก]
    หัวเรื่อง [การเรียนรู้ทางวิชาชีพ]

BibComment


ยังไม่เคยถูกคอมเมนท์

คอมเมนท์ทรัพยากรรายการนี้
  คอมเมนท์: กลยุทธ์การจัดการ..


 Copyright 2026. Bcnsprnw @Library